Vykonávacie a súvisiace predpisy k stavebnému zákonu

Salvato in:
Dettagli Bibliografici
Natura: Libro
Lingua:slovacco
Pubblicazione: Bratislava Epos 1993
Edizione:1. vyd.
Soggetti:
Tags: Aggiungi Tag
Nessun Tag, puoi essere il primo ad aggiungerne!!

MARC

LEADER 00000nam a2200000 4500
001 c004713
005 20221214083820.4
020 |a 80-85703-39-4 
041 0 |a slo 
044 |a SK 
245 1 0 |a Vykonávacie a súvisiace predpisy k stavebnému zákonu 
250 |a 1. vyd. 
264 1 |a Bratislava  |b Epos  |c 1993 
300 |a 200 s. 
610 2 0 |a stavby 
610 2 0 |a vyhlášky 
610 2 0 |a predpisy právne 
610 2 0 |a ČSFR 
610 2 0 |a Slovensko 
610 2 0 |a pozemky 
610 2 0 |a urbanizmus 
610 2 0 |a plánovanie územné 
610 2 0 |a dokumentácia 
610 2 0 |a projekty stavebné 
610 2 0 |a projektovanie 
610 2 0 |a výstavba bytová